|
|
|
|
| LEADER |
00000nam0a2200000 4500 |
| 001 |
205570 |
| 005 |
20231101225305.0 |
| 010 |
|
|
|a 9785922113373
|
| 035 |
|
|
|a (RuTPU)RU\TPU\book\224039
|
| 090 |
|
|
|a 205570
|
| 100 |
|
|
|a 20111212d2011 k y0rusy50 ca
|
| 101 |
0 |
|
|a rus
|
| 102 |
|
|
|a RU
|
| 105 |
|
|
|a a z 001zy
|
| 200 |
1 |
|
|a Локальные времена, симметричные интегралы и стохастический анализ
|f Ф. С. Насыров
|
| 210 |
|
|
|a Москва
|c Физматлит
|d 2011
|
| 215 |
|
|
|a 212 с.
|c ил.
|
| 320 |
|
|
|a Библиогр.: с. 206-211.
|
| 320 |
|
|
|a Предметный указатель: с. 212.
|
| 330 |
|
|
|a Книга посвящена применению методов теории функций вещественной переменной и теории дифференциальных уравнений в стохастическом анализе. Материал охватывает общую теорию локальных времен для детерминированных функций, теорию симметричных интегралов и теорию детерминированных аналогов стохастических дифференциальных уравнений. Предложены новые методы нахождения решений стохастических дифференциальных уравнений. Приведено решение задачи оптимальной фильтрации нелинейных одномерных диффузионных процессов, рассмотрена задача оптимального управления диффузионным процессом с потраекторным целевым функционалом. Для научных работников в области математики и смежных областях, а также для аспирантов и студентов математических специальностей.
|
| 606 |
1 |
|
|a Функции вещественных переменных
|2 stltpush
|3 (RuTPU)RU\TPU\subj\17052
|9 42898
|
| 606 |
1 |
|
|a Дифференциальные уравнения
|2 stltpush
|3 (RuTPU)RU\TPU\subj\9693
|9 36875
|
| 610 |
1 |
|
|a локальные времена
|
| 610 |
1 |
|
|a симметричные интегралы
|
| 610 |
1 |
|
|a стохастический анализ
|
| 610 |
1 |
|
|a вещественный анализ
|
| 610 |
1 |
|
|a детерминированные функции
|
| 610 |
1 |
|
|a детерминированные аналоги
|
| 610 |
1 |
|
|a стохастические дифференциальные уравнения
|
| 675 |
|
|
|a 517.51
|v 3
|
| 675 |
|
|
|a 517.9
|v 3
|
| 700 |
|
1 |
|a Насыров
|b Ф. С.
|g Фарит Сагитович
|
| 801 |
|
1 |
|a RU
|b 63413507
|c 20111212
|
| 801 |
|
2 |
|a RU
|b 63413507
|c 20120618
|g RCR
|
| 942 |
|
|
|c BK
|
| 959 |
|
|
|a 99/20111212
|d 2
|e 220,00
|f ЧЗТЛ:1
|f АНЛ:1
|